Transitions to adulthood for youth with disabilities through an occupational therapy lens / (Record no. 92925)
[ view plain ]
| 000 -LEADER | |
|---|---|
| fixed length control field | 02820nam a2200421 i 4500 |
| 001 - CONTROL NUMBER | |
| control field | ebr10843820 |
| 003 - CONTROL NUMBER IDENTIFIER | |
| control field | CaPaEBR |
| 006 - FIXED-LENGTH DATA ELEMENTS--ADDITIONAL MATERIAL CHARACTERISTICS--GENERAL INFORMATION | |
| fixed length control field | m o d |
| 007 - PHYSICAL DESCRIPTION FIXED FIELD--GENERAL INFORMATION | |
| fixed length control field | cr cn||||||||| |
| 008 - FIXED-LENGTH DATA ELEMENTS--GENERAL INFORMATION | |
| fixed length control field | 120613t20132013njuad ob 000 0 eng|d |
| 020 ## - INTERNATIONAL STANDARD BOOK NUMBER | |
| Cancelled/invalid ISBN | 9781617110139 (alk. paper) |
| International Standard Book Number | 9781617118746 (e-book) |
| 040 ## - CATALOGING SOURCE | |
| Original cataloging agency | CaPaEBR |
| Language of cataloging | eng |
| Description conventions | rda |
| -- | pn |
| Transcribing agency | CaPaEBR |
| 035 ## - SYSTEM CONTROL NUMBER | |
| System control number | (OCoLC)878136018 |
| 050 14 - LIBRARY OF CONGRESS CALL NUMBER | |
| Classification number | RJ53.O25 |
| Item number | T73 2013eb |
| 082 04 - DEWEY DECIMAL CLASSIFICATION NUMBER | |
| Classification number | 618.9289/165 |
| Edition number | 23 |
| 245 00 - TITLE STATEMENT | |
| Title | Transitions to adulthood for youth with disabilities through an occupational therapy lens / |
| Statement of responsibility, etc | edited by Debra Stewart. |
| 264 #1 - PRODUCTION, PUBLICATION, DISTRIBUTION, MANUFACTURE, AND COPYRIGHT NOTICE | |
| Place of production, publication, distribution, manufacture | Thorofare, New Jersey : |
| Name of producer, publisher, distributor, manufacturer | SLACK, |
| Date of production, publication, distribution, manufacture, or copyright notice | [2013] |
| Date of production, publication, distribution, manufacture, or copyright notice | �2013 |
| 300 ## - PHYSICAL DESCRIPTION | |
| Extent | 1 online resource (173 pages) : |
| Other physical details | illustrations |
| 336 ## - CONTENT TYPE | |
| Content type term | text |
| Source | rdacontent |
| 337 ## - MEDIA TYPE | |
| Media type term | computer |
| Source | rdamedia |
| 338 ## - CARRIER TYPE | |
| Carrier type term | online resource |
| Source | rdacarrier |
| 504 ## - BIBLIOGRAPHY, ETC. NOTE | |
| Bibliography, etc | Includes bibliographical references. |
| 505 0# - FORMATTED CONTENTS NOTE | |
| Formatted contents note | The transition to adulthood for youth with disabilities : evidence to support occupational therapy practice / Debra Stewart -- The McMaster lens for occupational therapists : linking theory to practice / Mary Law -- Transitions from parents' home to independent living arrangements for youth with physical disabilities / Andrea Morrison, Karen Margallo, and Matt Freeman -- Community participation through work experience for youth with developmental disabilities / Linda Armour, Jan Burke-Gaffney, and Debra Stewart -- Transition to post-secondary education for youth with learning disabilities using assistive technology / Baljit Samrai, Kim Carey, and Christy Taberner -- Employment transitions for youth with mental health issues / Sandra Moll and Kevin Tregunno -- Socialization and leisure pursuits for youth living with obesity as the result of a complex medical condition / Mary Forhan and Grace Herron -- Future directions in practice and research : our own transitions / Debra Stewart. |
| 588 ## - SOURCE OF DESCRIPTION NOTE | |
| Source of description note | Description based on print version record. |
| 590 ## - LOCAL NOTE (RLIN) | |
| Local note | Electronic reproduction. Palo Alto, Calif. : ebrary, 2014. Available via World Wide Web. Access may be limited to ebrary affiliated libraries. |
| 650 #0 - SUBJECT ADDED ENTRY--TOPICAL TERM | |
| Topical term or geographic name as entry element | People with disabilities |
| General subdivision | Rehabilitation. |
| Topical term or geographic name as entry element | Occupational therapy for teenagers. |
| Topical term or geographic name as entry element | Life change events. |
| Topical term or geographic name as entry element | Occupational therapy for children. |
| Topical term or geographic name as entry element | Young adults. |
| 655 #0 - INDEX TERM--GENRE/FORM | |
| Genre/form data or focus term | Electronic books. |
| 700 1# - ADDED ENTRY--PERSONAL NAME | |
| Personal name | Stewart, Debra, |
| Dates associated with a name | 1954- |
| Relator term | editor. |
| 776 08 - ADDITIONAL PHYSICAL FORM ENTRY | |
| Display text | Print version: |
| Title | Transitions to adulthood for youth with disabilities through an occupational therapy lens. |
| Place, publisher, and date of publication | Thorofare, New Jersey : SLACK, [2013] |
| Physical description | xviii, 160 pages ; 26 cm |
| International Standard Book Number | 9781617110139 |
| Record control number | (DNLM)101586262 |
| -- | (DLC)10843820 |
| 797 2# - LOCAL ADDED ENTRY--CORPORATE NAME (RLIN) | |
| Corporate name or jurisdiction name as entry element | ebrary. |
| 856 40 - ELECTRONIC LOCATION AND ACCESS | |
| Uniform Resource Identifier | <a href="http://site.ebrary.com/lib/rucke/Doc?id=10843820">http://site.ebrary.com/lib/rucke/Doc?id=10843820</a> |
| Public note | An electronic book accessible through the World Wide Web; click to view |
No items available.
